La estructura del aikido: kenjutsu y taijutsu. Correlación de movimientos del sable y la mano vacía

Guardat en:
Dades bibliogràfiques
Autor principal: Homma, Gaku (Autor)
Format: Llibre
Idioma:espanyol
Publicat: Barcelona Paidotribo 2007
Edició:1a. ed
Matèries:
Etiquetes: Afegir etiqueta
Sense etiquetes, Sigues el primer a etiquetar aquest registre!

MARC

LEADER 00000nam a2200000 a 4500
001 UCG3415
003 CL-VaPUC
008 100826e20070000SP |||||||||||||||||spa|d
020 |a 9788480194761 
082 0 4 |a 796.815  |b HOM  |2 21 
100 0 |a Homma, Gaku  |e author  |9 552543 
245 1 3 |a La estructura del aikido: kenjutsu y taijutsu. Correlación de movimientos del sable y la mano vacía 
250 |a 1a. ed 
300 |a 195 p 
942 |c BK 
945 |d 20100826 00:00:00  |a mfarfan 
260 |a Barcelona  |b Paidotribo  |c 2007 
650 7 |a DEPORTES DE COMBATE  |2 CL-VaPUC  |9 341527 
650 0 |a Artes marciales   |9 311835 
650 7 |a DEPORTE  |2 CL-VaPUC  |9 552544 
650 0 |a Actividad física  |9 362156 
650 7 |a ENTRENAMIENTO FISICO  |2 CL-VaPUC  |9 307393 
583 |a last modification  |c 20100826 00:00:00  |k Rodrigo Vera 
999 |c 342483  |d 342481 
952 |0 0  |1 0  |4 0  |6 796_815000000000000_HOM_2007  |7 0  |8 C  |9 438692  |a BIBCUR  |b BIBCUR  |d 2019-11-22  |i 471248K  |o 796.815 HOM 2007  |p 471248K  |r 2025-04-22  |w 2019-11-22  |y BK  |k DEN